000 00865nam a2200253Ia 4500
003 OSt
005 20220923211031.0
006 a|||||r|||| 00| 0
007 ta
008 220922b |||||||| |||| 00| 0 hin d
020 _a8171244106 (hbk)
_c180
024 _a239,530
037 _b452, 21/03/2009, Vani Prakashan
_cTextual
040 _aARTS
_cARTS
_bhin
041 _2hin
_ahin
082 _aO152:gN5, P5
100 _aपाठक, गजेन्द्र
_9156272
245 0 _aहिन्दी नवजागरण
246 _aHindī navajāgaraṇa
260 _aवाराणसी
_b विश्वविद्यालय प्रकाशन
_c2005
300 _a190पृ.
_ccm.
942 _hO152:gN5, P5
_cTEXL
_2CC
999 _c294224
_d294224